[Event "AUT-ch U18"]
[Site "St Veit"]
[Date "2022.04.12"]
[Round "5"]
[White "Koestner, Laurin"]
[Black "Martetschlaeger, Stefan"]
[Result "0-1"]
[WhiteElo "1682"]
[BlackElo "1676"]
[PlyCount "46"]
[EventDate "2022.04.10"]
[EventType "swiss"]
[EventRounds "7"]
[EventCountry "AUT"]
[SourceTitle "EXT 2023"]
[Source "ChessBase"]
[SourceDate "2022.10.05"]
[SourceVersion "1"]
[SourceVersionDate "2022.10.05"]
[SourceQuality "1"]

1. e4 c5 2. Nf3 Nc6 3. Bb5 g6 4. Bxc6 dxc6 5. d3 Bg7 6. h3 Nf6 7. Nc3 0-0 8. Be3 b6 9. Bf4 Be6 10. Qd2 Qd7 11. Ng5 Rfd8 12. 0-0 c4 13. Rad1 cxd3 14. cxd3 c5 15. Nxe6 Qxe6 16. Bh6 Rd7 17. Bxg7 Kxg7 18. f4 Rad8 19. f5 Qe5 20. Qe3 Qd4 21. Rf3 Qxe3+ 22. Rxe3 c4 23. fxg6 hxg6 0-1

[Event "AUT-ch U18"]
[Site "St Veit"]
[Date "2022.04.10"]
[Round "1"]
[White "Schernthaner, David"]
[Black "Martetschlaeger, Stefan"]
[Result "1-0"]
[WhiteElo "2259"]
[BlackElo "1676"]
[PlyCount "91"]
[EventDate "2022.04.10"]
[EventType "swiss"]
[EventRounds "7"]
[EventCountry "AUT"]
[SourceTitle "EXT 2023"]
[Source "ChessBase"]
[SourceDate "2022.10.05"]
[SourceVersion "1"]
[SourceVersionDate "2022.10.05"]
[SourceQuality "1"]

1. e4 c5 2. Nf3 Nc6 3. Bb5 g6 4. 0-0 Bg7 5. Nc3 Nf6 6. e5 Ng4 7. Bxc6 dxc6 8. Re1 0-0 9. d3 Nh6 10. h3 Nf5 11. Ne4 b6 12. b3 Nd4 13. Bb2 Be6 14. c4 Qc7 15. Nxd4 cxd4 16. f4 c5 17. Qf3 Bc8 18. Bc1 Bb7 19. Bd2 Bh6 20. Re2 Rae8 21. Qf2 Qd7 22. Rae1 Bg7 23. g4 f5 24. exf6 exf6 25. f5 g5 26. b4 Qc6 27. b5 Qd7 28. Qh2 h6 29. a4 Re5 30. Nxf6+ Bxf6 31. Rxe5 Bxe5 32. Qxe5 Ba8 33. Qe6+ Qxe6 34. Rxe6 Kg7 35. Rg6+ Kh7 36. Kf2 Bb7 37. h4 Bc8 38. hxg5 hxg5 39. Rxg5 Rg8 40. Rxg8 Kxg8 41. Bf4 Kf7 42. Bb8 a6 43. Bc7 Kf6 44. Bxb6 Kg5 45. Bxc5 Kxg4 46. f6 1-0

[Event "AUT-ch U18"]
[Site "St Veit"]
[Date "2021.10.26"]
[Round "3.6"]
[White "Zamfir, Florin"]
[Black "Martetschlaeger, Stefan"]
[Result "1/2-1/2"]
[WhiteElo "2017"]
[BlackElo "1701"]
[PlyCount "61"]
[EventDate "2021.10.25"]
[EventType "swiss"]
[EventRounds "7"]
[EventCountry "AUT"]
[SourceTitle "EXT 2023"]
[Source "ChessBase"]
[SourceDate "2022.10.05"]
[SourceVersion "1"]
[SourceVersionDate "2022.10.05"]
[SourceQuality "1"]

1. c4 e5 2. Nc3 d6 3. g3 f5 4. Bg2 Nf6 5. d3 Be7 6. e4 c6 7. Nge2 0-0 8. 0-0 Na6 9. b3 Qe8 10. exf5 Bxf5 11. d4 Qh5 12. f3 Bd7 13. Ba3 Nc7 14. dxe5 Qxe5 15. Qd2 d5 16. f4 Qe6 17. Bxe7 Qxe7 18. cxd5 Qc5+ 19. Kh1 Ncxd5 20. Nxd5 Nxd5 21. Rac1 Qd6 22. Nc3 Rad8 23. Rfe1 Bg4 24. Nxd5 cxd5 25. Re5 Be6 26. Rd1 Qc6 27. Qe3 Bf7 28. Rd4 Rfe8 29. Rxe8+ Rxe8 30. Qd2 Qb5 31. Qd1 1/2-1/2

[Event "Styrian op U14/18 27th"]
[Site "Mureck"]
[Date "2021.08.12"]
[Round "9"]
[White "Schwarz, Felix1111"]
[Black "Martetschlaeger, Stefan"]
[Result "0-1"]
[WhiteElo "1229"]
[BlackElo "1655"]
[PlyCount "90"]
[EventDate "2021.08.04"]
[EventType "swiss"]
[EventRounds "9"]
[EventCountry "AUT"]
[SourceTitle "EXT 2022"]
[Source "ChessBase"]
[SourceDate "2021.10.06"]
[SourceVersion "1"]
[SourceVersionDate "2021.10.06"]
[SourceQuality "1"]

1. Nf3 Nf6 2. e3 c5 3. c4 d5 4. d4 Nc6 5. Nc3 cxd4 6. Nxd4 e5 7. Nf3 Bb4 8. Bd2 0-0 9. cxd5 Nxd5 10. Nxd5 Qxd5 11. a3 Bxd2+ 12. Qxd2 Qe6 13. Qc2 Bd7 14. Bc4 Qg4 15. 0-0 Bf5 16. Qe2 e4 17. Nd2 Qg6 18. f3 exf3 19. Rxf3 Bg4 20. Raf1 Ne5 21. h3 Bxf3 22. Nxf3 Nxc4 23. Qxc4 Rac8 24. Qb3 Qe6 25. Qxb7 Qxe3+ 26. Kh2 Qf4+ 27. Kh1 Qc7 28. Qd5 Qc4 29. Qd1 Qc2 30. Qd5 Qe2 31. Rg1 Qxb2 32. Rf1 Rc1 33. Rxc1 Qxc1+ 34. Kh2 Qxa3 35. Qf5 Qd6+ 36. Kh1 Qe6 37. Qd3 a5 38. Qb1 a4 39. h4 Qb3 40. Qe4 a3 41. Ng5 Qd1+ 42. Kh2 Qd6+ 43. g3 Qg6 44. Qa4 Qd3 45. Nxf7 Kxf7 0-1

[Event "Styrian op U14/18 27th"]
[Site "Mureck"]
[Date "2021.08.04"]
[Round "1"]
[White "Martetschlaeger, Stefan"]
[Black "Mensah, Aidan"]
[Result "1-0"]
[WhiteElo "1655"]
[BlackElo "1137"]
[PlyCount "37"]
[EventDate "2021.08.04"]
[EventType "swiss"]
[EventRounds "9"]
[EventCountry "AUT"]
[SourceTitle "EXT 2022"]
[Source "ChessBase"]
[SourceDate "2021.10.06"]
[SourceVersion "1"]
[SourceVersionDate "2021.10.06"]
[SourceQuality "1"]

1. e4 e5 2. Nf3 Nc6 3. d4 Nf6 4. dxe5 Nxe4 5. Bc4 d6 6. Qd5 Be6 7. Qxe4 Bxc4 8. Qxc4 dxe5 9. 0-0 Qf6 10. Bg5 Qf5 11. Nbd2 Nd4 12. Rfe1 f6 13. Qxd4 Be7 14. Qa4+ c6 15. Be3 b5 16. Qe4 Qe6 17. Nd4 Qd6 18. Qxc6+ Qxc6 19. Nxc6 1-0

[Event "AUT-ch U16 Online Blitz"]
[Site "Playchess.com INT"]
[Date "2020.12.11"]
[Round "2"]
[White "Martetschlaeger, Stefan"]
[Black "Tischler, Michel"]
[Result "1-0"]
[WhiteElo "1620"]
[BlackElo "1576"]
[PlyCount "50"]
[EventDate "2020.12.11"]
[EventType "swiss (blitz)"]
[EventRounds "7"]
[EventCountry "AUT"]
[SourceTitle "EXT 2022"]
[Source "ChessBase"]
[SourceDate "2021.10.06"]
[SourceVersion "1"]
[SourceVersionDate "2021.10.06"]
[SourceQuality "1"]

1. e4 e6 2. d4 d5 3. Nc3 Nf6 4. e5 Nfd7 5. f4 c5 6. Nf3 Nc6 7. Be3 Be7 8. Qd2 cxd4 9. Nxd4 Nxd4 10. Bxd4 f6 11. Bd3 b6 12. 0-0-0 f5 13. Rhg1 Nc5 14. g4 Ne4 15. Nxe4 fxe4 16. Be2 Qc7 17. f5 exf5 18. gxf5 Bxf5 19. Rxg7 Bg6 20. e6 0-0-0 21. Bf6 Rde8 22. Rxe7 Rxe7 23. Bxh8 Rxe6 24. Bg4 Qd7 25. Qxd5 Qe7 1-0

[Event "AUT-ch U16 Online Blitz"]
[Site "Playchess.com INT"]
[Date "2020.12.11"]
[Round "1"]
[White "Rosol, Alexander"]
[Black "Martetschlaeger, Stefan"]
[Result "1-0"]
[WhiteElo "1786"]
[BlackElo "1620"]
[PlyCount "127"]
[EventDate "2020.12.11"]
[EventType "swiss (blitz)"]
[EventRounds "7"]
[EventCountry "AUT"]
[SourceTitle "EXT 2022"]
[Source "ChessBase"]
[SourceDate "2021.10.06"]
[SourceVersion "1"]
[SourceVersionDate "2021.10.06"]
[SourceQuality "1"]

1. e4 c5 2. Nf3 Nc6 3. d4 cxd4 4. Nxd4 g6 5. Be3 Bg7 6. Nc3 Nf6 7. Nxc6 bxc6 8. e5 Ng8 9. f4 e6 10. Ne4 Bf8 11. Nd6+ Bxd6 12. Qxd6 Ne7 13. Bc5 Nf5 14. Qd2 Bb7 15. Bd3 Qh4+ 16. Bf2 Qe7 17. Bxf5 exf5 18. 0-0 c5 19. Qc3 Rc8 20. e6 f6 21. exd7+ Qxd7 22. Rfe1+ Kf7 23. Rad1 Qc6 24. Qg3 Rce8 25. c4 Re4 26. Rxe4 fxe4 27. Qe3 f5 28. Qxc5 e3 29. Qxc6 exf2+ 30. Kxf2 Bxc6 31. Rd6 Be4 32. Rd7+ Ke6 33. Rxa7 Rd8 34. Ra6+ Kf7 35. Ra7+ Kf6 36. Ke2 Bd3+ 37. Ke3 Bxc4 38. b3 Be6 39. g3 Re8 40. Kf2 Bd5 41. Rxh7 Be4 42. Ra7 Rc8 43. Ra6+ Kg7 44. Ra7+ Kh6 45. b4 Rc2+ 46. Ke3 Rxh2 47. b5 Rb2 48. a4 Bc2 49. Kd4 Rb4+ 50. Kc5 Rxa4 51. Rxa4 Bxa4 52. b6 Kh5 53. b7 Kg4 54. b8Q Kxg3 55. Qb4 Bd1 56. Kd6 Bf3 57. Ke5 Kg4 58. Kf6 Kh5 59. Qc3 Bg4 60. Qg3 Kh6 61. Qh4+ Bh5 62. Qg5+ Kh7 63. Kf7 Kh8 64. Qh6# 1-0

[Event "AUT-ch U16 Online Blitz"]
[Site "Playchess.com INT"]
[Date "2020.12.11"]
[Round "3"]
[White "Schernthaner, David"]
[Black "Martetschlaeger, Stefan"]
[Result "1-0"]
[WhiteElo "2027"]
[BlackElo "1620"]
[PlyCount "61"]
[EventDate "2020.12.11"]
[EventType "swiss (blitz)"]
[EventRounds "7"]
[EventCountry "AUT"]
[SourceTitle "EXT 2022"]
[Source "ChessBase"]
[SourceDate "2021.10.06"]
[SourceVersion "1"]
[SourceVersionDate "2021.10.06"]
[SourceQuality "1"]

1. e4 c5 2. Nf3 Nc6 3. Bb5 Nd4 4. Nxd4 cxd4 5. 0-0 g6 6. d3 Bg7 7. f4 e6 8. f5 exf5 9. exf5 Qb6 10. Bc4 Ne7 11. fxg6 Qxg6 12. Bxf7+ Qxf7 13. Rxf7 Kxf7 14. Nd2 Rf8 15. Ne4 d5 16. Nd6+ Kg8 17. Bg5 Ng6 18. Nxc8 Raxc8 19. Qd2 Rc7 20. Rf1 Rfc8 21. Rf2 Rc6 22. g3 Re6 23. Re2 Rce8 24. Rxe6 Rxe6 25. Qa5 Re2 26. Qxd5+ Kh8 27. Qd8+ Bf8 28. Qxd4+ Bg7 29. Bf6 Re1+ 30. Kf2 Re7 31. Qd8+ 1-0

[Event "Styrian op U14/18 26th"]
[Site "Mureck"]
[Date "2019.08.06"]
[Round "7"]
[White "Wendl, Paul"]
[Black "Martetschlaeger, Stefan"]
[Result "1-0"]
[WhiteElo "1540"]
[BlackElo "1383"]
[PlyCount "155"]
[EventDate "2019.07.31"]
[EventType "swiss"]
[EventRounds "9"]
[EventCountry "AUT"]
[SourceTitle "EXT 2020"]
[Source "ChessBase"]
[SourceDate "2019.10.17"]
[SourceVersion "1"]
[SourceVersionDate "2019.10.17"]
[SourceQuality "1"]

1. e4 c5 2. Nf3 Nc6 3. d4 cxd4 4. Nxd4 g6 5. c4 Bg7 6. Be3 Nf6 7. Nc3 0-0 8. Be2 d6 9. f3 Bd7 10. 0-0 a6 11. Qd2 Nxd4 12. Bxd4 Rb8 13. a4 Bc6 14. b4 b6 15. b5 axb5 16. cxb5 Ba8 17. Rfc1 e5 18. Be3 d5 19. exd5 Nxd5 20. Nxd5 Qxd5 21. Qxd5 Bxd5 22. Bc4 Bxc4 23. Rxc4 f5 24. Rc6 Rf6 25. Rac1 e4 26. Rxf6 Bxf6 27. Rc6 Bd8 28. fxe4 fxe4 29. Re6 Kf7 30. Rxe4 Rc8 31. Kf2 g5 32. Rd4 Ke6 33. Ke2 h5 34. Kd3 g4 35. Re4+ Kd7 36. Re5 Ra8 37. Re4 Rc8 38. h3 g3 39. Rc4 Rxc4 40. Kxc4 Ke6 41. Bf4 h4 42. Be3 Ke5 43. Bg1 Bc7 44. Bd4+ Ke6 45. Be3 Bd8 46. Kd4 Bf6+ 47. Ke4 Bd8 48. Kf4 Kf6 49. Kg4 Kg6 50. Kf4 Kf6 51. Kg4 Kg6 52. a5 bxa5 53. b6 a4 54. b7 Bc7 55. Bc5 Bb8 56. Kxh4 Kf5 57. Kh5 Bf4 58. h4 Bb8 59. Kh6 Be5 60. h5 Kf6 61. Kh7 Kf7 62. h6 Bb8 63. Kh8 Be5+ 64. Kh7 Bb8 65. Bb4 Be5 66. Bc3 Bb8 67. Bb2 Bc7 68. Ba3 Bb8 69. Bc5 Be5 70. Ba7 a3 71. b8Q Bxb8 72. Bxb8 Ke6 73. Kg6 a2 74. Be5 Kxe5 75. h7 Kd4 76. h8Q+ Kc4 77. Qa1 Kb3 78. Kg5 1-0

[Event "Styrian op U14/18 26th"]
[Site "Mureck"]
[Date "2019.08.05"]
[Round "6"]
[White "Martetschlaeger, Stefan"]
[Black "Avilova, Yulia"]
[Result "1-0"]
[WhiteElo "1383"]
[BlackElo "1602"]
[PlyCount "103"]
[EventDate "2019.07.31"]
[EventType "swiss"]
[EventRounds "9"]
[EventCountry "AUT"]
[SourceTitle "EXT 2020"]
[Source "ChessBase"]
[SourceDate "2019.10.17"]
[SourceVersion "1"]
[SourceVersionDate "2019.10.17"]
[SourceQuality "1"]

1. e4 e5 2. Nf3 Nc6 3. Bc4 Bc5 4. b4 Bxb4 5. c3 Be7 6. d4 Na5 7. Nxe5 Nxc4 8. Nxc4 d5 9. Ne5 Nf6 10. exd5 Qxd5 11. 0-0 0-0 12. c4 Qd8 13. Nc3 c5 14. d5 Nd7 15. Bf4 Bf6 16. Nxd7 Qxd7 17. Rc1 Qg4 18. Bd6 Rd8 19. Qxg4 Bxg4 20. Bxc5 Rdc8 21. Ne4 b6 22. Nxf6+ gxf6 23. Be7 Be2 24. Rfe1 Bxc4 25. d6 Be6 26. Rcd1 Bd7 27. Bxf6 Re8 28. Re7 Rad8 29. h3 Kf8 30. Rc1 Be6 31. Rxe8+ Kxe8 32. Bxd8 Kxd8 33. Rc7 a5 34. Rb7 Bxa2 35. Rxb6 Bc4 36. Rc6 Bb3 37. Ra6 a4 38. f4 Kd7 39. Kf2 h5 40. Ke3 Bd5 41. Kd4 Bxg2 42. h4 Bf1 43. Rb6 a3 44. Kc5 a2 45. Rb7+ Ke6 46. Ra7 Bh3 47. Rxa2 Kd7 48. Ra7+ Ke8 49. Kc6 Bg2+ 50. Kc7 Bh3 51. Ra8+ Bc8 52. Rxc8# 1-0

[Event "Styrian op U14/18 25th"]
[Site "Mureck"]
[Date "2018.08.09"]
[Round "9"]
[White "Martetschlaeger, Stefan"]
[Black "Karner, Stefan"]
[Result "0-1"]
[WhiteElo "1277"]
[BlackElo "1543"]
[PlyCount "70"]
[EventDate "2018.08.01"]
[EventType "swiss"]
[EventRounds "9"]
[EventCountry "AUT"]
[SourceTitle "CBM 186 Extra"]
[Source "ChessBase"]
[SourceDate "2018.08.24"]
[SourceVersion "1"]
[SourceVersionDate "2018.08.24"]
[SourceQuality "1"]

1. e4 d6 2. d4 Nd7 3. Nf3 e5 4. Nc3 Ngf6 5. Bc4 Be7 6. Be3 Ng4 7. Qd2 Nxe3 8. Qxe3 c6 9. h4 Bf6 10. 0-0-0 b5 11. Bb3 b4 12. Na4 Qc7 13. Ng5 exd4 14. Qf4 Ne5 15. h5 h6 16. Nf3 c5 17. Bd5 Rb8 18. Kb1 Nxf3 19. Qxf3 c4 20. Rhe1 Bd7 21. b3 Bxa4 22. bxa4 d3 23. cxd3 b3 24. Bxc4 bxa2+ 25. Kxa2 Rb2+ 26. Ka1 Qc5 27. Bb5+ Rxb5+ 28. Qxf6 gxf6 29. axb5 Qe5+ 30. Ka2 Ke7 31. Rc1 Rb8 32. Rc7+ Ke6 33. Rxa7 Qxb5 34. Re2 Qb1+ 35. Ka3 Qb3# 0-1

[Event "AUT-ch U14"]
[Site "St Kanzian"]
[Date "2018.05.19"]
[Round "1.5"]
[White "Guskic, Andrija"]
[Black "Martetschlaeger, Stefan"]
[Result "1-0"]
[WhiteElo "1851"]
[BlackElo "1271"]
[PlyCount "59"]
[EventDate "2018.05.19"]
[EventType "swiss"]
[EventRounds "7"]
[EventCountry "AUT"]
[SourceTitle "EXT 2024"]
[Source "ChessBase"]
[SourceDate "2023.10.10"]
[SourceVersion "1"]
[SourceVersionDate "2023.10.10"]
[SourceQuality "1"]

1. e4 b6 2. d4 Bb7 3. Bd3 e6 4. Nf3 c5 5. c3 d5 6. e5 Nc6 7. 0-0 cxd4 8. cxd4 Qc7 9. Nc3 f6 10. Bf4 g5 11. Bg3 g4 12. exf6 Qf7 13. Ne5 Nxe5 14. Bxe5 Nxf6 15. Qa4+ Kd8 16. Rac1 Bg7 17. Nb5 Ne8 18. Rc7 Nxc7 19. Bxc7+ Ke7 20. Nd6 Qf8 21. Nxb7 Qc8 22. Qb4+ Kd7 23. Bb5+ Kxc7 24. Rc1+ Kxb7 25. Qe7+ Kb8 26. Qd6+ Kb7 27. Bc6+ Qxc6 28. Qxc6+ Ka6 29. Rc3 Bf8 30. Qxa8 1-0

[Event "Weiz op 16th"]
[Site "Weiz"]
[Date "2017.06.15"]
[Round "2.5"]
[White "Martetschlaeger, Stefan"]
[Black "Schlick, Horst"]
[Result "0-1"]
[WhiteElo "1330"]
[BlackElo "1634"]
[PlyCount "80"]
[EventDate "2017.06.15"]
[EventType "swiss"]
[EventRounds "5"]
[EventCountry "AUT"]
[SourceTitle "EXT 2024"]
[Source "ChessBase"]
[SourceDate "2023.10.10"]
[SourceVersion "1"]
[SourceVersionDate "2023.10.10"]
[SourceQuality "1"]

1. e4 e5 2. Nf3 Nc6 3. Bc4 Bc5 4. b4 Bxb4 5. c3 Ba5 6. d4 d6 7. 0-0 Nf6 8. Bg5 0-0 9. d5 Nb8 10. Qa4 Bb6 11. Nbd2 Nbd7 12. Bb5 Nc5 13. Qd1 a6 14. Be2 h6 15. Bh4 g5 16. Bg3 Nfxe4 17. Nxe4 Nxe4 18. Qd3 f5 19. Bd1 Nxg3 20. Nxg5 Qxg5 21. hxg3 e4 22. Qe2 Bd7 23. Kh1 Rae8 24. a4 a5 25. f4 Qxg3 26. Qh5 Rf6 27. Be2 Rg6 28. Qh2 Qxh2+ 29. Kxh2 Rg7 30. Bh5 Rf8 31. Rac1 Be8 32. Be2 Kh7 33. Kh3 Rfg8 34. Rc2 Bxa4 35. Ra2 Bb3 36. Ra3 Bxd5 37. Rd1 Bc6 38. Bc4 Rd8 39. Be6 Bd7 40. Bd5 Bc8 0-1

[Event "AUT-ch U12"]
[Site "St Veit"]
[Date "2016.05.16"]
[Round "5"]
[White "Fitz, Simon"]
[Black "Martetschlaeger, Stefan"]
[Result "0-1"]
[WhiteElo "1310"]
[BlackElo "1222"]
[PlyCount "42"]
[EventDate "2016.05.14"]
[EventType "swiss"]
[EventRounds "7"]
[EventCountry "AUT"]
[SourceTitle "CBM 172 Extra"]
[Source "ChessBase"]
[SourceDate "2016.06.21"]
[SourceVersion "1"]
[SourceVersionDate "2016.06.21"]
[SourceQuality "1"]

1. e4 c5 2. Nc3 Nc6 3. g3 g6 4. Bg2 Bg7 5. Nge2 Nf6 6. 0-0 0-0 7. d3 d6 8. h3 Qb6 9. Rb1 Be6 10. Be3 Nd4 11. Kh2 a5 12. Qd2 Qc6 13. a3 b5 14. Nxd4 cxd4 15. Bxd4 Rfc8 16. Rbc1 Ng4+ 17. hxg4 Bxd4 18. Nd1 Bxg4 19. c3 Qc5 20. f3 Qh5+ 21. Bh3 Qxh3# 0-1